[Event "Gap op"]
[Site "Gap"]
[Date "2007.04.26"]
[Round "7"]
[White "Poisson, Olivier"]
[Black "Rubino, Aniello"]
[Result "1-0"]
[WhiteElo "2155"]
[BlackElo "1790"]
[PlyCount "61"]
[EventDate "2007.04.22"]
[EventType "swiss"]
[EventRounds "9"]
[EventCountry "FRA"]
[SourceTitle "EXT 2008"]
[Source "ChessBase"]
[SourceDate "2007.11.25"]
[SourceVersion "1"]
[SourceVersionDate "2007.11.25"]
[SourceQuality "1"]

1. d4 Nf6 2. c4 g6 3. Nc3 Bg7 4. e4 d6 5. Be2 Nbd7 6. f4 c5 7. e5 Ng8 8. exd6 exd6 9. Nf3 Qb6 10. Nd5 Qd8 11. b4 Ngf6 12. Nxf6+ Bxf6 13. Rb1 0-0 14. 0-0 Re8 15. bxc5 dxc5 16. d5 Nb6 17. Bd3 Bd7 18. Ne5 Ba4 19. Qf3 Rb8 20. Be3 Qc7 21. Ng4 Bg7 22. f5 Nd7 23. fxg6 fxg6 24. Qf7+ Kh8 25. Bf4 Qd8 26. Bxb8 Qxb8 27. Rxb7 Qa8 28. Rxd7 Bxd7 29. Qxd7 Rd8 30. Qe7 Qc8 31. Ne5 1-0

[Event "Porto San Giorgio op 14th"]
[Site "Porto San Giorgio"]
[Date "2002.08.27"]
[Round "8"]
[White "Ferri, Stefano"]
[Black "Rubino, Aniello"]
[Result "1/2-1/2"]
[WhiteElo "2083"]
[BlackElo "2163"]
[PlyCount "26"]
[EventDate "2002.08.20"]
[EventType "swiss"]
[EventRounds "9"]
[EventCountry "ITA"]
[SourceTitle "CBM 089 Extra"]
[Source "ChessBase"]
[SourceDate "2002.09.10"]
[SourceVersion "2"]
[SourceVersionDate "2002.09.10"]
[SourceQuality "1"]

1. d4 Nf6 2. Nf3 d5 3. g3 c6 4. Bg2 Nbd7 5. 0-0 e6 6. c4 Bd6 7. b3 0-0 8. Nc3 Re8 9. Bf4 Qc7 10. e3 dxc4 11. bxc4 e5 12. c5 exf4 13. cxd6 Qxd6 1/2-1/2

[Event "Caorle op-B"]
[Site "Caorle"]
[Date "1991.07.12"]
[Round "7.26"]
[White "Pegoraro, Nicola"]
[Black "Rubino, Aniello"]
[Result "1-0"]
[WhiteElo "1872"]
[BlackElo "1782"]
[PlyCount "97"]
[EventDate "1991.07.05"]
[EventType "swiss"]
[EventRounds "8"]
[EventCountry "ITA"]
[SourceTitle "EXT 2023"]
[Source "ChessBase"]
[SourceDate "2022.10.05"]
[SourceVersion "1"]
[SourceVersionDate "2022.10.05"]
[SourceQuality "1"]

1. e4 e5 2. Nf3 Nc6 3. d4 exd4 4. Bc4 d6 5. Nxd4 Bd7 6. 0-0 Nf6 7. Nc3 Be7 8. Nd5 0-0 9. Nxe7+ Qxe7 10. f3 Qe5 11. c3 a6 12. Bb3 Rae8 13. Kh1 Qh5 14. Ne2 Qc5 15. Nf4 Ne5 16. Nd3 Nxd3 17. Qxd3 Qh5 18. Bf4 Bc6 19. Rfe1 Re7 20. Re2 Rfe8 21. Rae1 Nd7 22. Bc2 Ne5 23. Bxe5 dxe5 24. Bb3 Rd7 25. Bd5 Re6 26. Rd2 Red6 27. Red1 Bxd5 28. exd5 Qg5 29. c4 b6 30. b4 c6 31. Qc2 Qd8 32. a4 f6 33. h3 g6 34. Qe4 Kg7 35. g3 cxd5 36. Rxd5 Rxd5 37. cxd5 a5 38. b5 Qc7 39. g4 Qc3 40. Kg2 Qc5 41. Rd2 Rc7 42. d6 Qc1 43. Qd3 Rc3 44. Qe2 Rc8 45. d7 Rd8 46. Qd3 Qe1 47. Qd5 Kh6 48. Rc2 g5 49. Qf7 1-0

[Event "Caorle op-B"]
[Site "Caorle"]
[Date "1991.07.10"]
[Round "5.27"]
[White "Luciani, Valerio"]
[Black "Rubino, Aniello"]
[Result "1-0"]
[WhiteElo "1845"]
[BlackElo "1782"]
[PlyCount "65"]
[EventDate "1991.07.05"]
[EventType "swiss"]
[EventRounds "8"]
[EventCountry "ITA"]
[SourceTitle "EXT 2023"]
[Source "ChessBase"]
[SourceDate "2022.10.05"]
[SourceVersion "1"]
[SourceVersionDate "2022.10.05"]
[SourceQuality "1"]

1. d4 d5 2. Nf3 Nf6 3. c4 e6 4. g3 Be7 5. Bg2 0-0 6. 0-0 Nbd7 7. b3 c6 8. Bb2 Qa5 9. Nbd2 Ba3 10. Bxa3 Qxa3 11. Qc2 h6 12. Rfe1 Rd8 13. Rad1 a5 14. Nb1 Qf8 15. Nc3 Nb6 16. Ne5 Nbd7 17. f4 dxc4 18. bxc4 Nxe5 19. fxe5 Nd7 20. Ne4 Qa3 21. Nd6 Nb6 22. Rd3 Qa4 23. Qxa4 Nxa4 24. Rb1 Ra6 25. Nxb7 Bxb7 26. Rxb7 Nb6 27. c5 Na8 28. a4 g6 29. e3 Kg7 30. Rdb3 Rc8 31. Bf1 Nc7 32. Rxc7 Rxc7 33. Bxa6 1-0

[Event "Caorle op-B"]
[Site "Caorle"]
[Date "1991.07.07"]
[Round "2.41"]
[White "Rubino, Aniello"]
[Black "Bettio, Umberto"]
[Result "0-1"]
[WhiteElo "1782"]
[BlackElo "1830"]
[PlyCount "148"]
[EventDate "1991.07.05"]
[EventType "swiss"]
[EventRounds "8"]
[EventCountry "ITA"]
[SourceTitle "EXT 2023"]
[Source "ChessBase"]
[SourceDate "2022.10.05"]
[SourceVersion "1"]
[SourceVersionDate "2022.10.05"]
[SourceQuality "1"]

1. e4 c5 2. Nf3 Nc6 3. Bc4 e6 4. Qe2 a6 5. a4 g6 6. 0-0 Bg7 7. Nc3 Nge7 8. d3 0-0 9. Bg5 Re8 10. Qd2 b6 11. Rfe1 Bb7 12. Qf4 Nb4 13. Bb3 d6 14. Bf6 Bxf6 15. Qxf6 Nec6 16. Qxd8 Raxd8 17. Na2 Kg7 18. Nxb4 Nxb4 19. Rad1 h6 20. h4 d5 21. exd5 Nxd5 22. d4 Nf4 23. c3 Bxf3 24. gxf3 cxd4 25. cxd4 Rd6 26. d5 e5 27. Rd2 Kf6 28. Rc1 Red8 29. Rcd1 g5 30. hxg5+ hxg5 31. Bc4 a5 32. b3 Rh8 33. Bf1 Rh4 34. Bg2 Kf5 35. Rc1 Rdh6 36. Rc4 Rd6 37. Rc6 Rhh6 38. Rxd6 Rxd6 39. Bf1 Rxd5 40. Rxd5 Nxd5 41. Bc4 Ke6 42. Kf1 Kd6 43. Ke2 f5 44. Kd2 Kc5 45. Kd3 Ne7 46. Kc3 Nc6 47. Bf1 Nd4 48. Bd3 f4 49. Be4 b5 50. axb5 Nxb5+ 51. Kb2 Kb4 52. Bb7 Nc3 53. Kc2 Nb5 54. Kb2 Nd4 55. Bd5 Kc5 56. Be4 Nb5 57. Kc2 Kd4 58. Bc6 Nd6 59. Ba8 e4 60. fxe4 Nxe4 61. f3 Nc5 62. Bc6 Nd3 63. Kd2 Nc5 64. Kc2 Ke3 65. Kc3 Nd3 66. Bb7 Ne5 67. Kc2 Nxf3 68. Bc8 Ne5 69. Kd1 g4 70. Ke1 f3 71. Kf1 g3 72. Ba6 Nd3 73. Bc4 g2+ 74. Kg1 Ke2 0-1